000 00733nam a2200253Ia 4500
003 OSt
005 20220923211034.0
006 a|||||r|||| 00| 0
007 ta
008 Pun
020 _a8171433936 (hbk)
024 _a232,653
037 _cTextual
040 _aARTS
_cARTS
_bPun
041 _2Pun
_aPun
082 _aO153:g, P4
100 _aਸਿੰਘ, ਦੇਵਿੰਦਰ
_9157435
245 0 _aਚਿੰਤਨ ਮੰਥਨ
260 _aਅੰਮ੍ਰਿਤਸਰ
_b ਰਵੀ ਸਾਹਿਤ ਪ੍ਰਕਾFਨ
_c2004
300 _a111ਪੰ
_ccm.
650 _aਪੰਜਾਬੀ ਸਾਹਿਤ
942 _hO153:g, P4
_cTEXL
_2CC
999 _c294331
_d294331